| 000 | 01068nam a2200277Ia 4500 | ||
|---|---|---|---|
| 003 | OSt | ||
| 005 | 20221005105605.0 | ||
| 006 | a|||||r|||| 00| 0 | ||
| 007 | ta | ||
| 008 | 221004b |||||||| |||| 00| 0 san d | ||
| 020 |
_a9789385925009 (hbk) _cINR 800.00 |
||
| 024 | _a34201 | ||
| 037 |
_b24, 14/09/2017, Mallika Books _cTextual |
||
| 040 |
_aCRL _cCRL _bsan |
||
| 041 |
_2san _asan |
||
| 082 | _aO15,1:g, 152Q6 | ||
| 100 | _aभेडा, के.के., ले. | ||
| 245 | 0 | _aसंस्कृत काव्यः एक विश्लेषणात्मक अध्ययन | |
| 246 | _aSanskṛut kāvyah ek vishleṣhaṇātmak adhyayana | ||
| 260 |
_aनई दिल्ली _bरावत प्रकाशन भारत _c2016 |
||
| 300 |
_a167पृ0 _ccm. |
||
| 650 | _a संस्कृत साहित्य | ||
| 650 | _aसंस्कृत कविता | ||
| 942 |
_hO15,1:g, 152Q6 _cTEXL _2cc |
||
| 999 |
_c1016275 _d1016275 |
||